000 00676nam a2200205Ii 4500
003 JO-AjNU
008 230605s9999||||xx |||||||||||||| ||und||
017 _a1981/2282
040 _aJO-AjNU
_bara
_erda
_cJO-AjNU
041 _aara
050 1 4 _aHB850.L3.1981
100 3 _aاللقافي،احمد حسين/محمد السيد جميل,
_eauthor
_97571
245 0 0 _aتدريس التربية السكانية
264 3 1 _aالقاهرة:دار الثقافة للطباعة والنشر،1981
300 _a298ص
336 _atext
_btxt
_2rdacontent
337 _aunmediated
_bn
_2rdamedia
338 _avolume
_bnc
_2rdacarrier
650 4 _aالسكان-تربية
_97572
999 _aA348
_c3916
_d3916